Manažérska informatika

Gespeichert in:
Bibliographische Detailangaben
1. Verfasser: Dudinská, Elvíra
Format: Buch
Sprache:Slowakisch
Veröffentlicht: Košice IBIS 1996
Ausgabe:1. vyd.
Schlagworte:
Tags: Tag hinzufügen
Keine Tags, Fügen Sie das erste Tag hinzu!

MARC

LEADER 00000nam a2200000 4500
001 c016885
005 20221214072701.9
020 |a 80-967048-7-7 
041 0 |a slo 
044 |a SK 
245 1 0 |a Manažérska informatika  |c Elvíra Dudinská 
250 |a 1. vyd. 
264 1 |a Košice  |b IBIS  |c 1996 
300 |a 127 s. 
610 2 0 |a informatika 
610 2 0 |a manažment 
610 2 0 |a systémy informačné 
610 2 0 |a systémy informačné manažérske 
610 2 0 |a systémy automatické 
610 2 0 |a rozhodovanie 
610 2 0 |a právo 
610 2 0 |a technika výpočtová 
610 2 0 |a kriminalita 
610 2 0 |a programovanie 
610 2 0 |a systémy počítačové 
100 1 |a Dudinská, Elvíra